| 000 | 00769nam a2200217 i 4500 | ||
|---|---|---|---|
| 001 | 110567 | ||
| 003 | ES-MaACL | ||
| 005 | 20251120111712.0 | ||
| 007 | t| | ||
| 008 | 070201q1920 sp ||||1| spa d | ||
| 080 | _a821.134.2-92"19" | ||
| 100 | 1 |
_aSáenz-Torre Rico, Pedro. _9216692 |
|
| 245 | 1 | 4 |
_aLos pasos de la vida _b: en compendio y recopilación / _cpor Pedro Sáenz-Torre Rico. |
| 260 |
_aLogroño : _b[s.n., _cca. 1920] ( _fImp. y Librería General Santos Ochoa) |
||
| 300 |
_a119 p. ; _c18 cm. |
||
| 530 | _aDisponible en formato digital. | ||
| 852 |
_aES-MaACL _jD-3523 _cSVI |
||
| 856 | 4 |
_uhttp://bibliotecavirtual.larioja.org/bvrioja/i18n/consulta/registro.do?id=2755 _y(Biblioteca Virtual de La Rioja) |
|
| 942 | _2udc | ||
| 999 |
_c110567 _d110567 |
||